<?xml version="1.0" encoding="UTF-8"?>
<record
    xmlns:xsi="http://www.w3.org/2001/XMLSchema-instance"
    xsi:schemaLocation="http://www.loc.gov/MARC21/slim http://www.loc.gov/standards/marcxml/schema/MARC21slim.xsd"
    xmlns="http://www.loc.gov/MARC21/slim">

  <leader>01382cam a2200385 a 4500</leader>
  <datafield tag="952" ind1=" " ind2=" ">
    <subfield code="0">0</subfield>
    <subfield code="1">0</subfield>
    <subfield code="2">ddc</subfield>
    <subfield code="4">0</subfield>
    <subfield code="7">1</subfield>
    <subfield code="8">NFIC</subfield>
    <subfield code="a">ASL</subfield>
    <subfield code="b">ASL</subfield>
    <subfield code="c">ASBP</subfield>
    <subfield code="d">2017-01-24</subfield>
    <subfield code="e">ASB Publications</subfield>
    <subfield code="h">ASP-077</subfield>
    <subfield code="l">0</subfield>
    <subfield code="o">615.1549 GHM</subfield>
    <subfield code="p">100388</subfield>
    <subfield code="r">2017-01-24 00:00:00</subfield>
    <subfield code="t">C-1</subfield>
    <subfield code="w">2017-01-24</subfield>
    <subfield code="y">BK</subfield>
    <subfield code="z">RARE</subfield>
  </datafield>
  <datafield tag="952" ind1=" " ind2=" ">
    <subfield code="0">0</subfield>
    <subfield code="1">0</subfield>
    <subfield code="2">ddc</subfield>
    <subfield code="4">0</subfield>
    <subfield code="7">1</subfield>
    <subfield code="8">NFIC</subfield>
    <subfield code="a">ASL</subfield>
    <subfield code="b">ASL</subfield>
    <subfield code="c">GEN</subfield>
    <subfield code="d">2017-01-24</subfield>
    <subfield code="e">ASB Publications</subfield>
    <subfield code="h">ASP-077</subfield>
    <subfield code="l">0</subfield>
    <subfield code="o">615.1549 GHM</subfield>
    <subfield code="p">100389</subfield>
    <subfield code="r">2017-01-24 00:00:00</subfield>
    <subfield code="t">C-2</subfield>
    <subfield code="w">2017-01-24</subfield>
    <subfield code="y">BK</subfield>
    <subfield code="z">RARE</subfield>
  </datafield>
  <datafield tag="952" ind1=" " ind2=" ">
    <subfield code="0">0</subfield>
    <subfield code="1">0</subfield>
    <subfield code="2">ddc</subfield>
    <subfield code="4">0</subfield>
    <subfield code="7">1</subfield>
    <subfield code="8">NFIC</subfield>
    <subfield code="a">ASL</subfield>
    <subfield code="b">ASL</subfield>
    <subfield code="c">GEN</subfield>
    <subfield code="d">2017-01-24</subfield>
    <subfield code="e">ASB Publications</subfield>
    <subfield code="h">ASP-077</subfield>
    <subfield code="l">0</subfield>
    <subfield code="o">615.1549 GHM</subfield>
    <subfield code="p">100390</subfield>
    <subfield code="r">2017-01-24 00:00:00</subfield>
    <subfield code="t">C-3</subfield>
    <subfield code="w">2017-01-24</subfield>
    <subfield code="y">BK</subfield>
    <subfield code="z">RARE</subfield>
  </datafield>
  <datafield tag="952" ind1=" " ind2=" ">
    <subfield code="0">0</subfield>
    <subfield code="1">0</subfield>
    <subfield code="2">ddc</subfield>
    <subfield code="4">0</subfield>
    <subfield code="7">1</subfield>
    <subfield code="8">NFIC</subfield>
    <subfield code="a">ASL</subfield>
    <subfield code="b">ASL</subfield>
    <subfield code="c">GEN</subfield>
    <subfield code="d">2017-01-24</subfield>
    <subfield code="e">ASB Publications</subfield>
    <subfield code="h">ASP-077</subfield>
    <subfield code="l">0</subfield>
    <subfield code="o">615.1549 GHM</subfield>
    <subfield code="p">100391</subfield>
    <subfield code="r">2017-01-24 00:00:00</subfield>
    <subfield code="t">C-4</subfield>
    <subfield code="w">2017-01-24</subfield>
    <subfield code="y">BK</subfield>
    <subfield code="z">RARE</subfield>
  </datafield>
  <datafield tag="952" ind1=" " ind2=" ">
    <subfield code="0">0</subfield>
    <subfield code="1">0</subfield>
    <subfield code="2">ddc</subfield>
    <subfield code="4">0</subfield>
    <subfield code="7">1</subfield>
    <subfield code="8">NFIC</subfield>
    <subfield code="a">ASL</subfield>
    <subfield code="b">ASL</subfield>
    <subfield code="c">GEN</subfield>
    <subfield code="d">2017-01-24</subfield>
    <subfield code="e">ASB Publications</subfield>
    <subfield code="h">ASP-077</subfield>
    <subfield code="l">0</subfield>
    <subfield code="o">615.1549 GHM</subfield>
    <subfield code="p">100392</subfield>
    <subfield code="r">2017-01-24 00:00:00</subfield>
    <subfield code="t">C-5</subfield>
    <subfield code="w">2017-01-24</subfield>
    <subfield code="y">BK</subfield>
    <subfield code="z">RARE</subfield>
  </datafield>
  <datafield tag="952" ind1=" " ind2=" ">
    <subfield code="0">0</subfield>
    <subfield code="1">0</subfield>
    <subfield code="2">ddc</subfield>
    <subfield code="4">0</subfield>
    <subfield code="7">1</subfield>
    <subfield code="8">NFIC</subfield>
    <subfield code="a">ASL</subfield>
    <subfield code="b">ASL</subfield>
    <subfield code="c">GEN</subfield>
    <subfield code="d">2021-01-23</subfield>
    <subfield code="e">ASB Publications</subfield>
    <subfield code="h">ASP-077</subfield>
    <subfield code="l">0</subfield>
    <subfield code="o">615.1549 GHM</subfield>
    <subfield code="p">104744</subfield>
    <subfield code="r">2021-01-23 00:00:00</subfield>
    <subfield code="t">C-6</subfield>
    <subfield code="w">2021-01-23</subfield>
    <subfield code="y">BK</subfield>
    <subfield code="z">RARE</subfield>
  </datafield>
  <datafield tag="952" ind1=" " ind2=" ">
    <subfield code="0">0</subfield>
    <subfield code="1">0</subfield>
    <subfield code="2">ddc</subfield>
    <subfield code="4">0</subfield>
    <subfield code="7">1</subfield>
    <subfield code="8">NFIC</subfield>
    <subfield code="a">ASL</subfield>
    <subfield code="b">ASL</subfield>
    <subfield code="c">GEN</subfield>
    <subfield code="d">2021-01-23</subfield>
    <subfield code="e">ASB Publications</subfield>
    <subfield code="h">ASP-077</subfield>
    <subfield code="l">0</subfield>
    <subfield code="o">615.1549 GHM</subfield>
    <subfield code="p">104745</subfield>
    <subfield code="r">2021-01-23 00:00:00</subfield>
    <subfield code="t">C-7</subfield>
    <subfield code="w">2021-01-23</subfield>
    <subfield code="y">BK</subfield>
    <subfield code="z">RARE</subfield>
  </datafield>
  <datafield tag="952" ind1=" " ind2=" ">
    <subfield code="0">0</subfield>
    <subfield code="1">0</subfield>
    <subfield code="2">ddc</subfield>
    <subfield code="4">0</subfield>
    <subfield code="7">1</subfield>
    <subfield code="8">NFIC</subfield>
    <subfield code="a">ASL</subfield>
    <subfield code="b">ASL</subfield>
    <subfield code="c">GEN</subfield>
    <subfield code="d">2021-01-23</subfield>
    <subfield code="e">ASB Publications</subfield>
    <subfield code="h">ASP-077</subfield>
    <subfield code="l">0</subfield>
    <subfield code="o">615.1549 GHM</subfield>
    <subfield code="p">104746</subfield>
    <subfield code="r">2021-01-23 00:00:00</subfield>
    <subfield code="t">C-8</subfield>
    <subfield code="w">2021-01-23</subfield>
    <subfield code="y">BK</subfield>
    <subfield code="z">RARE</subfield>
  </datafield>
  <datafield tag="952" ind1=" " ind2=" ">
    <subfield code="0">0</subfield>
    <subfield code="1">0</subfield>
    <subfield code="2">ddc</subfield>
    <subfield code="4">0</subfield>
    <subfield code="7">1</subfield>
    <subfield code="8">NFIC</subfield>
    <subfield code="a">ASL</subfield>
    <subfield code="b">ASL</subfield>
    <subfield code="c">GEN</subfield>
    <subfield code="d">2021-01-23</subfield>
    <subfield code="e">ASB Publications</subfield>
    <subfield code="h">ASP-077</subfield>
    <subfield code="l">0</subfield>
    <subfield code="o">615.1549 GHM</subfield>
    <subfield code="p">104747</subfield>
    <subfield code="r">2021-01-23 00:00:00</subfield>
    <subfield code="t">C-9</subfield>
    <subfield code="w">2021-01-23</subfield>
    <subfield code="y">BK</subfield>
    <subfield code="z">RARE</subfield>
  </datafield>
  <datafield tag="952" ind1=" " ind2=" ">
    <subfield code="0">0</subfield>
    <subfield code="1">0</subfield>
    <subfield code="2">ddc</subfield>
    <subfield code="4">0</subfield>
    <subfield code="7">1</subfield>
    <subfield code="8">NFIC</subfield>
    <subfield code="a">ASL</subfield>
    <subfield code="b">ASL</subfield>
    <subfield code="c">GEN</subfield>
    <subfield code="d">2021-01-23</subfield>
    <subfield code="e">ASB Publications</subfield>
    <subfield code="h">ASP-077</subfield>
    <subfield code="l">0</subfield>
    <subfield code="o">615.1549 GHM</subfield>
    <subfield code="p">104748</subfield>
    <subfield code="r">2021-01-23 00:00:00</subfield>
    <subfield code="t">C-10</subfield>
    <subfield code="w">2021-01-23</subfield>
    <subfield code="y">BK</subfield>
    <subfield code="z">RARE</subfield>
  </datafield>
  <datafield tag="952" ind1=" " ind2=" ">
    <subfield code="0">0</subfield>
    <subfield code="1">0</subfield>
    <subfield code="2">ddc</subfield>
    <subfield code="4">0</subfield>
    <subfield code="7">1</subfield>
    <subfield code="8">NFIC</subfield>
    <subfield code="a">ASL</subfield>
    <subfield code="b">ASL</subfield>
    <subfield code="c">GEN</subfield>
    <subfield code="d">2021-01-23</subfield>
    <subfield code="e">ASB Publications</subfield>
    <subfield code="h">ASP-077</subfield>
    <subfield code="l">0</subfield>
    <subfield code="o">615.1549 GHM</subfield>
    <subfield code="p">104749</subfield>
    <subfield code="r">2021-01-23 00:00:00</subfield>
    <subfield code="t">C-11</subfield>
    <subfield code="w">2021-01-23</subfield>
    <subfield code="y">BK</subfield>
    <subfield code="z">RARE</subfield>
  </datafield>
  <datafield tag="952" ind1=" " ind2=" ">
    <subfield code="0">0</subfield>
    <subfield code="1">0</subfield>
    <subfield code="2">ddc</subfield>
    <subfield code="4">0</subfield>
    <subfield code="7">1</subfield>
    <subfield code="8">NFIC</subfield>
    <subfield code="a">ASL</subfield>
    <subfield code="b">ASL</subfield>
    <subfield code="c">GEN</subfield>
    <subfield code="d">2021-01-23</subfield>
    <subfield code="e">ASB Publications</subfield>
    <subfield code="h">ASP-077</subfield>
    <subfield code="l">0</subfield>
    <subfield code="o">615.1549 GHM</subfield>
    <subfield code="p">104750</subfield>
    <subfield code="r">2021-01-23 00:00:00</subfield>
    <subfield code="t">C-12</subfield>
    <subfield code="w">2021-01-23</subfield>
    <subfield code="y">BK</subfield>
    <subfield code="z">RARE</subfield>
  </datafield>
  <datafield tag="952" ind1=" " ind2=" ">
    <subfield code="0">0</subfield>
    <subfield code="1">0</subfield>
    <subfield code="2">ddc</subfield>
    <subfield code="4">0</subfield>
    <subfield code="7">1</subfield>
    <subfield code="8">NFIC</subfield>
    <subfield code="a">ASL</subfield>
    <subfield code="b">ASL</subfield>
    <subfield code="c">GEN</subfield>
    <subfield code="d">2021-01-23</subfield>
    <subfield code="e">ASB Publications</subfield>
    <subfield code="h">ASP-077</subfield>
    <subfield code="l">0</subfield>
    <subfield code="o">615.1549 GHM</subfield>
    <subfield code="p">104751</subfield>
    <subfield code="r">2021-01-23 00:00:00</subfield>
    <subfield code="t">C-13</subfield>
    <subfield code="w">2021-01-23</subfield>
    <subfield code="y">BK</subfield>
    <subfield code="z">RARE</subfield>
  </datafield>
  <datafield tag="952" ind1=" " ind2=" ">
    <subfield code="0">0</subfield>
    <subfield code="1">0</subfield>
    <subfield code="2">ddc</subfield>
    <subfield code="4">0</subfield>
    <subfield code="7">1</subfield>
    <subfield code="8">NFIC</subfield>
    <subfield code="a">ASL</subfield>
    <subfield code="b">ASL</subfield>
    <subfield code="c">GEN</subfield>
    <subfield code="d">2021-01-23</subfield>
    <subfield code="e">ASB Publications</subfield>
    <subfield code="h">ASP-077</subfield>
    <subfield code="l">0</subfield>
    <subfield code="o">615.1549 GHM</subfield>
    <subfield code="p">104752</subfield>
    <subfield code="r">2021-01-23 00:00:00</subfield>
    <subfield code="t">C-14</subfield>
    <subfield code="w">2021-01-23</subfield>
    <subfield code="y">BK</subfield>
    <subfield code="z">RARE</subfield>
  </datafield>
  <datafield tag="952" ind1=" " ind2=" ">
    <subfield code="0">0</subfield>
    <subfield code="1">0</subfield>
    <subfield code="2">ddc</subfield>
    <subfield code="4">0</subfield>
    <subfield code="7">1</subfield>
    <subfield code="8">NFIC</subfield>
    <subfield code="a">ASL</subfield>
    <subfield code="b">ASL</subfield>
    <subfield code="c">GEN</subfield>
    <subfield code="d">2021-01-23</subfield>
    <subfield code="e">ASB Publications</subfield>
    <subfield code="h">ASP-077</subfield>
    <subfield code="l">0</subfield>
    <subfield code="o">615.1549 GHM</subfield>
    <subfield code="p">104753</subfield>
    <subfield code="r">2021-01-23 00:00:00</subfield>
    <subfield code="t">C-15</subfield>
    <subfield code="w">2021-01-23</subfield>
    <subfield code="y">BK</subfield>
    <subfield code="z">RARE</subfield>
  </datafield>
  <datafield tag="999" ind1=" " ind2=" ">
    <subfield code="c">17568</subfield>
    <subfield code="d">17568</subfield>
  </datafield>
  <controlfield tag="001">13777754</controlfield>
  <controlfield tag="003">BDDh-ASL</controlfield>
  <controlfield tag="005">20240117062541.0</controlfield>
  <controlfield tag="008">170124s20031998bg a     b    001 0 eng  </controlfield>
  <datafield tag="010" ind1=" " ind2=" ">
    <subfield code="a">  2004329614</subfield>
  </datafield>
  <datafield tag="020" ind1=" " ind2=" ">
    <subfield code="a">9845123481</subfield>
  </datafield>
  <datafield tag="025" ind1=" " ind2=" ">
    <subfield code="a">B-E-2004-329614; 19</subfield>
  </datafield>
  <datafield tag="035" ind1=" " ind2=" ">
    <subfield code="a">(DLC)  2004329614</subfield>
  </datafield>
  <datafield tag="037" ind1=" " ind2=" ">
    <subfield code="b">Library of Congress -- New Delhi Overseas Office</subfield>
    <subfield code="c">Tk1000.00</subfield>
  </datafield>
  <datafield tag="040" ind1=" " ind2=" ">
    <subfield code="a">DLC</subfield>
    <subfield code="c">BDDh-ASL</subfield>
    <subfield code="d">BDDh-ASL</subfield>
  </datafield>
  <datafield tag="042" ind1=" " ind2=" ">
    <subfield code="a">lcode</subfield>
  </datafield>
  <datafield tag="043" ind1=" " ind2=" ">
    <subfield code="a">a-bg---</subfield>
  </datafield>
  <datafield tag="050" ind1="0" ind2="0">
    <subfield code="a">RS180.B3</subfield>
    <subfield code="b">G48 2003</subfield>
  </datafield>
  <datafield tag="082" ind1="0" ind2="0">
    <subfield code="a">615.1549</subfield>
    <subfield code="b">GHM</subfield>
  </datafield>
  <datafield tag="100" ind1="1" ind2=" ">
    <subfield code="a">Ghani, Abdul,</subfield>
    <subfield code="d">1941-</subfield>
    <subfield code="9">324</subfield>
  </datafield>
  <datafield tag="245" ind1="1" ind2="0">
    <subfield code="a">Medicinal plants of Bangladesh with chemical constituents and uses /</subfield>
    <subfield code="c">Abdul Ghani.</subfield>
  </datafield>
  <datafield tag="250" ind1=" " ind2=" ">
    <subfield code="a">2nd ed., thoroughly revised and enlarged.</subfield>
  </datafield>
  <datafield tag="260" ind1=" " ind2=" ">
    <subfield code="a">Dhaka :</subfield>
    <subfield code="b">Asiatic Society of Bangladesh,</subfield>
    <subfield code="c">2003.</subfield>
    <subfield code="c">1998.</subfield>
  </datafield>
  <datafield tag="300" ind1=" " ind2=" ">
    <subfield code="a">603 p. :</subfield>
    <subfield code="b">col. ill., ;</subfield>
    <subfield code="c">25 cm.</subfield>
  </datafield>
  <datafield tag="440" ind1=" " ind2=" ">
    <subfield code="a">Asiatic Society of Bangladesh publication ;</subfield>
    <subfield code="v">no. 77</subfield>
    <subfield code="9">312</subfield>
  </datafield>
  <datafield tag="500" ind1=" " ind2=" ">
    <subfield code="a">Includes index</subfield>
  </datafield>
  <datafield tag="504" ind1=" " ind2=" ">
    <subfield code="a">Includes bibliographical references (p. [439]-496) and index.</subfield>
  </datafield>
  <datafield tag="650" ind1=" " ind2="0">
    <subfield code="a">Materia medica, Vegetable</subfield>
    <subfield code="z">Bangladesh.</subfield>
    <subfield code="9">325</subfield>
  </datafield>
  <datafield tag="650" ind1=" " ind2="0">
    <subfield code="a">Medicinal plants</subfield>
    <subfield code="z">Bangladesh.</subfield>
    <subfield code="9">326</subfield>
  </datafield>
  <datafield tag="650" ind1="1" ind2="2">
    <subfield code="a">Plants, Medicinal</subfield>
    <subfield code="z">Bangladesh.</subfield>
    <subfield code="9">327</subfield>
  </datafield>
  <datafield tag="710" ind1="1" ind2=" ">
    <subfield code="a">Asiatic Society of Bangladesh.</subfield>
    <subfield code="9">11</subfield>
  </datafield>
  <datafield tag="906" ind1=" " ind2=" ">
    <subfield code="a">7</subfield>
    <subfield code="b">cbc</subfield>
    <subfield code="c">origode</subfield>
    <subfield code="d">3</subfield>
    <subfield code="e">ncip</subfield>
    <subfield code="f">20</subfield>
    <subfield code="g">y-gencatlg</subfield>
  </datafield>
  <datafield tag="942" ind1=" " ind2=" ">
    <subfield code="2">ddc</subfield>
    <subfield code="c">BK</subfield>
  </datafield>
</record>
